| 000 | 00775cam a22002533a 4500 | ||
|---|---|---|---|
| 001 | 18604 | ||
| 003 | PGUSA | ||
| 005 | 20140828083409.0 | ||
| 008 | 060616s2006||||xxu|||||s|||||000 | eng d | ||
| 040 |
_aPGUSA _beng |
||
| 042 | _adc | ||
| 050 | 4 | _aPZ | |
| 100 | 1 |
_aAndersen, H. C. _q(Hans Christian), _d1805-1875 |
|
| 245 | 1 | 4 |
_aThe Ice-Maiden ; _band, Other Tales. _h[electronic resource] / _cH. C. Andersen |
| 260 |
_bProject Gutenberg, _c2006 |
||
| 505 | 0 | _aThe Ice-maiden -- The Butterfly -- The Psyche -- The Snail and the Rose-tree | |
| 506 | _aPublic domain in the USA. | ||
| 516 | _aElectronic text | ||
| 653 | _aFairy tales | ||
| 700 | 1 | _aFuller, Fanny | |
| 830 | 0 |
_aProject Gutenberg _v18604 |
|
| 856 | 4 | 0 | _uhttp://www.gutenberg.org/ebooks/18604 |
| 942 | _cEB | ||
| 999 |
_c247859 _d247859 |
||